Hoppus's tables for measuring, or, Practical measuring made easy (Record no. 113853)
[ view plain ]
| 000 -LEADER | |
|---|---|
| fixed length control field | 01007cam a22001935a 4500 |
| 001 - CONTROL NUMBER | |
| control field | L155822 |
| 008 - FIXED-LENGTH DATA ELEMENTS--GENERAL INFORMATION | |
| fixed length control field | 120417s1823 xxk f 000 0 eng d |
| 035 ## - SYSTEM CONTROL NUMBER | |
| System control number | (Sirsi) u155822 |
| 041 0# - LANGUAGE CODE | |
| Language code of text/sound track or separate title | eng |
| 100 1# - MAIN ENTRY--PERSONAL NAME | |
| Personal name | Hoppus, E. |
| Fuller form of name | (Edward) |
| Dates associated with a name | d. 1739 |
| 245 00 - TITLE STATEMENT | |
| Title | Hoppus's tables for measuring, or, Practical measuring made easy |
| Remainder of title | by a new set of tables, which shew at sight the solid content of any piece of timber, stone, &c. either square, round, or unequal-sided, and the value at any price per foot cube ... the contents being given in feet, inches, and twelfth parts of an inch : with some very curious observations concerning measuring of timber by several dimensions |
| 250 ## - EDITION STATEMENT | |
| Edition statement | 18th ed., greatly improved, and stereotyped |
| 260 ## - PUBLICATION, DISTRIBUTION, ETC. | |
| Place of publication, distribution, etc. | London |
| Name of publisher, distributor, etc. | Printed for C. and J. Rivington [and 14 others] |
| Date of publication, distribution, etc. | 1823 |
| 300 ## - PHYSICAL DESCRIPTION | |
| Extent | lx, 226 p., [1] folded leaf of plates |
| Dimensions | 22 cm. |
| 583 ## - ACTION NOTE | |
| Action | Condition reviewed |
| Time/date of action | 20120620 |
| Status | condition level 4 |
| 651 #4 - SUBJECT ADDED ENTRY--GEOGRAPHIC NAME | |
| Geographic name | Great Britain |
| Chronological subdivision | 1707- |
| 690 ## - LOCAL SUBJECT ADDED ENTRY--TOPICAL TERM (OCLC, RLIN) | |
| Topical term or geographic name as entry element | Measurement |
| 9 (RLIN) | 6256 |
| 942 ## - ADDED ENTRY ELEMENTS (KOHA) | |
| Suppress in OPAC | 0 |
| Withdrawn status | Lost status | Damaged status | Not for loan | Home library | Current library | Shelving location | Date acquired | Total Checkouts | Full call number | Barcode | Date last seen | Copy number | Price effective from | Koha item type |
|---|---|---|---|---|---|---|---|---|---|---|---|---|---|---|
| Historic collection | Historic collection | Historic collection | 17/04/2012 | PRICE OCTAVO 1823 HOPPUS | 30076776 | 20/08/2025 | 1 | 06/08/2019 | Book |